Problemas y cuestiones de matemáticas para economistas
Zapisane w:
| 1. autor: | |
|---|---|
| Format: | Książka |
| Język: | hiszpański |
| Wydane: |
Madrid
Pirámide
1983
|
| Hasła przedmiotowe: | |
| Etykiety: |
Dodaj etykietę
Nie ma etykietki, Dołącz pierwszą etykiete!
|
MARC
| LEADER | 00000nam a2200000 a 4500 | ||
|---|---|---|---|
| 001 | UCQ1134 | ||
| 003 | CL-VaPUC | ||
| 008 | 980709e19830000SP |||||||||||||||||spa|d | ||
| 082 | 0 | 4 | |a 515.7 |b COS |2 21 |
| 100 | 0 | |a Costa Reparaz, Emilio |e author |9 414736 | |
| 245 | 1 | 0 | |a Problemas y cuestiones de matemáticas para economistas |
| 300 | |a 351 p | ||
| 942 | |c BK | ||
| 945 | |d 19980709 00:00:00 |a cmena | ||
| 260 | |a Madrid |b Pirámide |c 1983 | ||
| 650 | 0 | |a Matemática |9 260235 | |
| 650 | 0 | |a Matemática aplicada |9 260236 | |
| 650 | 0 | |a Economía |9 255568 | |
| 650 | 0 | |a Optimización |9 339671 | |
| 650 | 0 | |a Ecuaciones diferenciales |9 260083 | |
| 650 | 0 | |a Integrales |9 260233 | |
| 583 | |a last modification |c 19980709 00:00:00 |k Rodrigo Vera | ||
| 999 | |c 272138 |d 272136 | ||
| 952 | |0 0 |1 0 |4 0 |6 515_700000000000000_COS_1983 |7 0 |8 A |9 307007 |a BIBGIM |b BIBGIM |d 2019-11-20 |i 1433512 |o 515.7 COS 1983 |p 1433512 |r 2025-01-15 |w 2019-11-20 |y BK |k COM | ||